Questo è l'inferno /

Збережено в:
Бібліографічні деталі
Автори: Niven, Larry (Автор), Pournelle, Jerry (Автор)
Інші автори: Nati, Maurizio (Перекладач)
Формат: Книга
Мова:Італійська мова
Опубліковано: Milano : Armenia, 1978
Серія:I libri di Robot
Теги: Додати тег
Немає тегів, Будьте першим, хто поставить тег для цього запису!

MARC

LEADER 00000nam a22000007i 4500
001 IT\ICCU\UBO\0097971
003 ItRI
005 20250726145002.0
008 930128s1978 it |||||| ||||| |||||c
040 |b ita  |c ct 
041 7 |a ita  |2 ISO-639-2 
082 |a 813.54  |2 20 
100 1 |a Niven, Larry  |0 IT\ICCU\CFIV\052377  |4 aut 
240 1 0 |a Inferno  |9 Niven, Larry 
245 1 0 |a Questo è l'inferno /  |c Larry Niven, Jerry Pournelle. 
260 |a Milano :  |b Armenia,  |c 1978 
300 |a 228 p. ;  |c 21 cm 
500 |a Traduzione di Maurizio Nati 
700 1 |a Pournelle, Jerry  |0 IT\ICCU\CFIV\070606  |4 aut 
700 1 |a Nati, Maurizio  |0 IT\ICCU\CFIV\086922  |4 trl 
830 2 |a I libri di Robot  |0 IT\ICCU\RAV\0002918 
942 |2 ddc  |c BK 
952 |0 0  |1 0  |2 ddc  |4 0  |6 B_LNR02NIVLAQUE11  |7 0  |9 4643  |a MI  |b MI  |d 1987-07-01  |i 255  |l 0  |o B-LNR02-NIVLA-QUE11  |p CDOM255  |r 2025-07-04 21:34:32  |w 2025-07-04  |x ACQUISTO  |y BK 
981 1 |6 z01  |a i   |b xxxe  
982 1 |6 z01  |a n 
999 |c 3629  |d 3629